000 00536nam a2200193Ia 4500
005 20250508162023.0
008 008 250505s9999 xx 000 0 eng d
037 _aTextual
040 _aFEDL
_beng
_cFEDL
041 _aeng
_2eng
084 _a891.7, PUS
_qFEDL
100 _aPushkin Alexander
245 0 _aSelected works in two volumes
260 _aMoscow
_bProgress Publishers
_c1976
300 _a208p
490 _aProgress-Russian classics series
942 _cTEXL
_h891.7, PUS
999 _c1373875
_d1373875